000 00648nam a22001937a 4500
003 OSt
005 20251206030459.0
008 251206b |||||||| |||| 00| 0 eng d
020 _a978-8036-1161-0.
040 _aDWCL-Main lib.
_cOC
082 _23rd ed.
_aCirc. 610.73 N974 2004
100 _aHolloway, Brenda Walters
245 _aNurse's fast facts :
_byour quick source for core clinical content/
_cBrenda Walters Holloway
250 _a3rd ed.
260 _aPhiladelphia :
_bF.A. Davis Company,
_cc2004.
300 _axvii, 635 p. ;
_c 20 cm.
650 _aNursing-Handbooks, manuals, etc.
942 _2ddc
_cBK-CIRC
_e3rd ed.
_hCirc.
_n0
999 _c6987
_d6987